[Event "45th Olympiad 2024"]
[Site "Budapest HUN"]
[Date "2024.09.14"]
[Round "4.42"]
[Board "2"]
[White "Loay, Sameer"]
[Black "De La Riva Aguado, Oscar"]
[Result "0-1"]
[WhiteElo "2194"]
[BlackElo "2431"]
[PlyCount "102"]
[EventDate "2024.09.11"]
[WhiteTeam "Jordan"]
[BlackTeam "Andorra"]
[WhiteTeamCountry "JOR"]
[BlackTeamCountry "AND"]

1. Nf3 Nf6 2. d4 c5 3. c3 g6 4. dxc5 Bg7 5. g3 a5 6. Bg2 Na6 7. Be3 O-O 8. h3 $146 ({RR} 8. Bd4 Qc7 9. Na3 Nxc5 10. Nb5 Qc6 11. a4 d6 12. Rg1 Be6 13. Nd2 Bd5 14. Bxf6 Bxf6 15. Bxd5 Qxd5 16. Nc7 Qc6 17. Nxa8 Rxa8 18. Nf3 e5 19. Qc2 Ne6 20. Rd1 d5 21. Qb3 Rd8 22. Qb5 Qd6 {1-0 Bernadskiy,V (2250)-Barski,R (1987) Wroclaw Polonia op-A 2nd 2007 (1)}) 8... Qc7 9. Na3 Nxc5 10. Nb5 Qc6 11. a4 b6 12. O-O Bb7 13. b4 Nce4 14. Qb3 d6 15. Rfd1 h6 16. Nfd4 Qd7 17. Nf3 Qc6 18. Nfd4 Qd7 19. Nf3 Qc6 20. Nfd4 Qc8 21. Nf3 Nd7 22. Rac1 Nef6 23. g4 Be4 24. Bf1 Rb8 25. c4 axb4 26. Qxb4 Nc5 27. Nd2 Nxg4 28. Bxc5 dxc5 29. Qa3 Nf6 30. Nxe4 Nxe4 31. Bg2 Nf6 32. a5 bxa5 33. Qxa5 Qf5 34. Qa3 Rbd8 35. Qe3 e6 36. Qf3 Qe5 37. e3 Qb2 38. Qc6 Rxd1+ 39. Rxd1 Qc2 40. Bf3 Qxc4 41. Nd6 Qc2 42. Re1 Rd8 43. Nb7 Rd2 44. Qc8+ Kh7 45. Rf1 c4 46. Nd8 Rd7 47. Nc6 Qf5 48. Bg2 Qc5 49. Rc1 c3 50. Qa6 Nd5 51. Qa4 Nxe3 0-1

[Event "45th Olympiad 2024"]
[Site "Budapest HUN"]
[Date "2024.09.14"]
[Round "4.42"]
[Board "3"]
[White "Ribera Veganzones, Serni"]
[Black "Saif, Malek"]
[Result "1/2-1/2"]
[WhiteElo "2309"]
[BlackElo "2162"]
[PlyCount "117"]
[EventDate "2024.09.11"]
[WhiteTeam "Andorra"]
[BlackTeam "Jordan"]
[WhiteTeamCountry "AND"]
[BlackTeamCountry "JOR"]

1. e4 e5 2. Nf3 Nc6 3. Bc4 Nf6 4. d3 Bc5 5. c3 d6 6. O-O Bb6 7. Nbd2 h6 ({RR} 7... Ne7 8. Re1 Ng6 9. Nf1 O-O 10. Ng3 c6 11. Bb3 h6 12. h3 d5 13. Be3 Bc7 14. Qc2 Re8 15. Rad1 Be6 16. d4 Nxe4 17. Nxe4 Bf5 18. Nfd2 exd4 19. Bxd4 dxe4 20. Nxe4 Qe7 21. f3 Nf4 22. Qf2 {½-½ Predojevic,B (2609)-Sokolov,I (2655) Sarajevo Bosnia-A 37th 2007 (1)}) 8. Bb3 Bg4 $146 ({RR} 8... a6 9. Nc4 Ba7 10. Re1 O-O 11. Bc2 Ng4 12. Rf1 f5 13. Bb3 Kh8 14. exf5 Bxf5 15. h3 Nxf2 16. Rxf2 Bxf2+ 17. Kxf2 e4 18. dxe4 Bxe4 19. Ncd2 Bxf3 20. Nxf3 Ne5 21. Kg3 Qf6 22. Be3 Rae8 23. Ng1 {0-1 Cafferty,B (2295)-Watson,I British CF-68 Championship 1981 (7)}) ({RR} 8... g5 9. Nc4 Rg8 10. a4 Bg4 11. a5 Bc5 12. Ba4 a6 13. d4 Nxe4 14. Qe2 f5 15. dxc5 Nxc5 16. Ncxe5 dxe5 17. Qc4 Rg6 18. Nxe5 {1-0 Milliet,S (2391)-Bluhm,S (2202) Frauenbundesliga 2023-24 (5.5)}) ({RR} 8... a6 9. Nc4 Ba7 10. a4 O-O 11. a5 Be6 12. Be3 Bxe3 13. fxe3 d5 14. Ncxe5 Nxe5 15. Nxe5 dxe4 16. Bxe6 fxe6 17. d4 Qd6 18. Qc2 c5 19. Rfe1 Rac8 20. Qa4 Rc7 21. Rad1 Nd5 22. Ng6 Rf6 23. dxc5 {1-0 Vasiukov,E (2500)-Reshevsky,S (2415) Moscow Veterans 1991}) 9. Re1 Nh7 10. h3 Bh5 11. g4 Bg6 12. Nc4 h5 13. Nxb6 axb6 14. g5 Qd7 15. Kh2 h4 16. Ng1 f6 17. Qg4 f5 18. exf5 Bxf5 19. Qh5+ g6 20. Qe2 O-O-O 21. Bd5 Be6 22. Bg2 d5 23. Nf3 Rde8 24. Bd2 Bf7 25. Nxh4 Nf6 26. Nf3 Nh5 27. Rad1 Nf4 28. Bxf4 exf4 29. Qd2 Qd6 30. Rxe8+ Bxe8 31. Re1 Bd7 32. d4 Bf5 33. Ne5 f3 34. Bxf3 Rxh3+ 35. Kg2 Rh4 36. Qe3 Nd8 37. Rh1 Rxh1 38. Kxh1 Kb8 39. Bg2 Ne6 40. Kg1 Qd8 41. Nxg6 Bxg6 42. Qxe6 Qxg5 43. f4 Qg3 44. f5 Bh5 45. Qe5 Qh4 46. f6 Bf7 47. Bf3 Ka7 48. Kf1 c6 49. Ke2 Qh7 50. Kf2 Qc2+ 51. Qe2 Qf5 52. Qe5 Qc2+ 53. Kg3 Qxb2 54. Qe7 Bg6 55. Qg7 Qc2 56. Kf4 Qf5+ 57. Kg3 Ka6 58. Bg4 Qg5 59. Kh3 1/2-1/2

[Event "45th Olympiad 2024"]
[Site "Budapest HUN"]
[Date "2024.09.14"]
[Round "4.42"]
[Board "4"]
[White "Rakan Dasa"]
[Black "Ribera Veganzones, Josep Maria"]
[Result "1-0"]
[WhiteElo "1975"]
[BlackElo "2167"]
[PlyCount "135"]
[EventDate "2024.09.11"]
[WhiteTeam "Jordan"]
[BlackTeam "Andorra"]
[WhiteTeamCountry "JOR"]
[BlackTeamCountry "AND"]

1. e4 c5 2. c3 Nf6 3. e5 Nd5 4. Na3 Nc6 5. Nf3 d6 6. exd6 ({RR} 6. Bb5 e6 7. O-O Bd7 8. Re1 Nxe5 9. Nxe5 dxe5 10. Bxd7+ Qxd7 11. Rxe5 Bd6 12. Re1 O-O 13. d3 b5 14. Qf3 Nb6 15. Nc2 Rad8 16. Be3 Nd5 17. Rad1 b4 18. d4 c4 19. cxb4 Nxb4 20. Nxb4 Bxb4 {1-0 Slate,K (2087)-Redzisz,M (2229) Titled Tue 6th Feb Late 2024 (8)}) 6... Qxd6 ({RR} 6... e6 7. Nb5 a6 8. Nc7+ Nxc7 9. dxc7 Qxc7 10. d4 cxd4 11. Nxd4 Bd7 12. Be3 Nxd4 13. Qxd4 Bc6 14. O-O-O Rd8 15. Qg4 Rxd1+ 16. Kxd1 h5 17. Qd4 e5 18. Qd2 Be7 19. Kc1 O-O 20. Be2 Rd8 21. Qc2 {0-1 Nakamura,H (2780)-Vachier Lagrave,M (2727) chess.com SpeedChess 2023 (3.6)}) 7. Nc4 Qe6+ 8. Ne3 g6 $146 ({RR} 8... Nxe3 9. fxe3 Qg6 10. d4 e6 11. Kf2 Bd6 12. Bd3 f5 13. g4 O-O {0-1 Lagvilava,G (2290)-Eidelson,R (2210) BLR-ch (Women) 2003 (6)}) 9. g3 Bg7 10. Bg2 Nxe3 11. fxe3 O-O 12. O-O b6 13. Ng5 Qd7 14. Rxf7 Rxf7 15. Nxf7 Bb7 16. Ng5 h6 17. Qb3+ Kh8 18. Qe6 Qc8 19. Qxc8+ Rxc8 20. Ne6 Bf6 21. d4 Kh7 22. Bd2 Nd8 23. Nxd8 Bxg2 24. Kxg2 Rxd8 25. Rf1 Kg7 26. Rf2 h5 27. Kf3 Rd7 28. Ke4 Rd6 29. Be1 Kf7 30. Rd2 cxd4 31. cxd4 Rc6 32. Kd5 Rc1 33. Re2 e5 34. Bc3 Rd1 35. Rd2 Rxd2 36. Bxd2 exd4 37. exd4 Ke7 38. Bf4 Kd7 39. h3 Bg7 40. b3 Bf6 41. a4 Bg7 42. b4 a6 43. b5 axb5 44. axb5 Bf6 45. Be5 Be7 46. Bb8 Bf6 47. Be5 Be7 48. Bf4 Bf6 49. Ke4 Bg7 50. Be5 Bf8 51. g4 hxg4 52. hxg4 Be7 53. Bg3 Bf6 54. Bf2 Kd6 55. Be3 Be7 56. d5 Bd8 57. Bd4 Ke7 58. Bc3 Bc7 59. Be5 Bd8 60. Bf4 Kd7 61. Be5 Ke7 62. Bb8 Kd7 63. Bf4 Bf6 64. Be3 Bd8 65. Ke5 Bc7+ 66. Kf6 Bd8+ 67. Kxg6 Kd6 68. Bg5 1-0

[Event "45th Olympiad 2024"]
[Site "Budapest HUN"]
[Date "2024.09.14"]
[Round "4.43"]
[Board "1"]
[White "Liyanage, Ranindu Dilshan"]
[Black "Navara, David"]
[Result "0-1"]
[WhiteElo "2366"]
[BlackElo "2681"]
[PlyCount "52"]
[EventDate "2024.09.11"]
[WhiteTeam "Sri Lanka"]
[BlackTeam "Czech Republic"]
[WhiteTeamCountry "SRI"]
[BlackTeamCountry "CZE"]

1. e4 c5 2. Nf3 d6 3. d4 cxd4 4. Nxd4 Nf6 5. Nc3 a6 6. Be3 e5 7. Nf3 Qc7 8. a4 Be6 9. Ng5 Bc4 10. Bxc4 Qxc4 11. a5 ({RR} 11. Qd3 Qxd3 12. cxd3 Nbd7 13. O-O h6 14. Nf3 Be7 15. d4 O-O 16. Rac1 Rac8 17. Rfd1 Rfd8 18. h3 b5 19. axb5 axb5 20. dxe5 dxe5 21. Nd5 Nxd5 22. Rxc8 Rxc8 23. Rxd5 Nf6 24. Rxb5 Bd6 25. Nxe5 Nxe4 {½-½ Sanhueza,C (2213)-Schut,H (2077) Titled Tue 4th Jun Early 2024 (3)}) 11... Nbd7 12. Ra4 Qc6 13. Qd3 $146 ({RR} 13. O-O Be7 14. Qe2 Rc8 15. Rd1 O-O 16. Nf3 Rfe8 17. Bg5 h6 18. Bxf6 Nxf6 19. Ne1 Bf8 20. Raa1 Qc4 21. Qe3 Qb4 22. Nd3 Qd4 23. Qe1 Rxc3 24. bxc3 Qxe4 25. Qxe4 Nxe4 26. Rdb1 Re7 27. Rb3 Nd2 {½-½ Medvegy,N (2275)-Vajda,S (2382) Budapest FS02 IM-B 2000 (9)}) ({RR} 13. Qa1 h6 14. Nf3 d5 15. exd5 Nxd5 16. Nxd5 Qxd5 17. O-O Qe6 18. Re1 Bd6 19. Nd4 Qg6 20. Ne2 O-O 21. Qd1 Rac8 22. c3 Rc6 23. Qb3 Nc5 24. Bxc5 Bxc5 25. Ng3 b5 26. axb6 Rxb6 {½-½ Dgebuadze,A (2536)-Armas,J (2378) Sonnevanck 9th 2000 (8)}) 13... Rc8 14. Nf3 Be7 15. Nd2 O-O 16. O-O Rfd8 17. Rc4 Nc5 18. Bxc5 dxc5 19. Qe2 Qe6 20. Nb3 Rc6 21. Na4 Nh5 22. Re1 Nf4 23. Qf1 Qg4 24. f3 Qh4 25. g3 Rg6 26. Naxc5 Rxg3+ 0-1

[Event "45th Olympiad 2024"]
[Site "Budapest HUN"]
[Date "2024.09.14"]
[Round "4.43"]
[Board "2"]
[White "Nguyen, Thai Dai Van"]
[Black "Amarathunga, Kosala Sandeepa Chamikara"]
[Result "1-0"]
[WhiteElo "2647"]
[BlackElo "1956"]
[PlyCount "109"]
[EventDate "2024.09.11"]
[WhiteTeam "Czech Republic"]
[BlackTeam "Sri Lanka"]
[WhiteTeamCountry "CZE"]
[BlackTeamCountry "SRI"]

1. d4 Nf6 2. c4 e6 3. Nf3 d5 4. Nc3 Bb4 5. e3 O-O 6. Bd2 Re8 7. a3 Bf8 8. Bd3 dxc4 9. Bxc4 a6 10. O-O ({RR} 10. Rc1 c5 11. O-O b5 12. Ba2 cxd4 13. exd4 Bb7 14. Bg5 Be7 15. Re1 Nbd7 16. Bb1 Qb6 17. Be3 Qd6 18. Ng5 h6 19. Nge4 Nxe4 20. Bxe4 Bxe4 21. Nxe4 Qd5 22. Nc3 Qd6 23. d5 Rad8 24. dxe6 Qxe6 {½-½ Badelka,O (2398)-Yan,T (2306) Belt and Road Int Women 2024 (3.4)}) 10... b5 11. Ba2 $146 ({RR} 11. Bd3 c5 12. Ne4 Nbd7 13. dxc5 Nxc5 14. Nxf6+ Qxf6 15. Qc2 Nxd3 16. Qxd3 Bb7 17. Bc3 Qd8 18. Qe2 Qd5 19. Rfd1 Qf5 20. Rd7 Re7 21. Rxe7 Bxe7 22. Rd1 Rd8 23. h3 Bd5 24. Nd4 Qg6 25. f3 Bh4 {0-1 Pg Yussof,L-Ooi,C Asia-chT fin 10th 1993 (4)}) 11... c5 12. dxc5 Bxc5 13. Qe2 Bb7 14. b4 Bf8 15. Rfd1 Nbd7 16. e4 h6 17. e5 Nh7 18. Bf4 Rc8 19. Ne4 Bxe4 20. Qxe4 Rc7 21. Nd4 Qh4 22. Qe3 Qe7 23. Nf5 Qd8 24. Nd6 Bxd6 25. Rxd6 Qc8 26. Rad1 Nhf8 27. h4 Rc3 28. Qe4 Nb8 29. Bd2 Rc7 30. Be3 Rc3 31. Bd2 Rc7 32. Qg4 Kh8 33. Bb1 Nbd7 34. Qh5 Kg8 35. Bxh6 gxh6 36. Qxh6 Nxe5 37. Qg5+ Neg6 38. h5 Kg7 39. hxg6 f6 40. Qe3 Rc3 41. Qa7+ Rc7 42. Qe3 Rc3 43. Qd2 Rc4 44. Rd3 Rh4 45. Rc1 Qb8 46. g3 Rh5 47. Qd1 Rh6 48. Rd7+ Kg8 49. Rcc7 Qa8 50. Rb7 Rd8 51. Rg7+ Kh8 52. Qf3 f5 53. Rh7+ Rxh7 54. Qc3+ Kg8 55. gxh7+ 1-0

[Event "45th Olympiad 2024"]
[Site "Budapest HUN"]
[Date "2024.09.14"]
[Round "4.43"]
[Board "3"]
[White "Kodithuwakku, K K Dinujaya"]
[Black "Zilka, Stepan"]
[Result "0-1"]
[WhiteElo "1826"]
[BlackElo "2574"]
[PlyCount "52"]
[EventDate "2024.09.11"]
[WhiteTeam "Sri Lanka"]
[BlackTeam "Czech Republic"]
[WhiteTeamCountry "SRI"]
[BlackTeamCountry "CZE"]

1. d4 d5 2. c4 e6 3. Nf3 Nf6 4. g3 dxc4 5. Bg2 c6 6. Ne5 Bb4+ 7. Nc3 Nd5 8. O-O b5 ({RR} 8... Nxc3 9. bxc3 Bxc3 10. Nxc4 b5 11. Bb2 Bxb2 12. Nxb2 a5 13. e3 Ba6 14. Qc2 O-O 15. Rfd1 b4 16. a3 bxa3 17. Rxa3 Bb5 18. Qc3 Nd7 19. Rda1 Qb8 20. Rxa5 Rxa5 21. Rxa5 e5 22. Nc4 exd4 23. exd4 {1-0 Gelfand,B (2678)-Vakhidov,J (2607) Satty Zhuldyz Rapid 2023 (1.2)}) 9. Ne4 O-O 10. b3 Nc3 $146 ({RR} 10... f6 11. Nf3 Nd7 12. bxc4 bxc4 13. Qc2 Ba6 14. Rb1 Re8 15. Bd2 Bf8 16. Rfd1 Rb8 17. Be1 Qc7 18. Rxb8 Qxb8 19. Bh3 Qc8 20. Ned2 c3 21. Ne4 Nb4 22. Qxc3 Bxe2 23. Rb1 Nd5 24. Qb3 f5 25. Ned2 {0-1 Bobadilla Viera,J (2386)-Berdayes Ason,D (2498) Guillermo Garcia Gp2 2024 (2.4)}) 11. Qc2 Qxd4 12. Bb2 Qxe5 13. Nxc3 cxb3 14. axb3 Qc5 15. Qd3 Qe7 16. Rfd1 a5 17. Qe3 Bb7 18. Bh3 Nd7 19. Qd4 Nf6 20. Qe5 Qc5 21. Qc7 Bxc3 22. Bxc3 Nd5 23. Bd4 Qxd4 24. Qxb7 Qc5 25. Bg2 Ra7 26. Rac1 Qxc1 0-1

[Event "45th Olympiad 2024"]
[Site "Budapest HUN"]
[Date "2024.09.14"]
[Round "4.43"]
[Board "4"]
[White "Vykouk, Jan"]
[Black "Bandara, Dhanushka"]
[Result "1-0"]
[WhiteElo "2483"]
[BlackElo "1903"]
[PlyCount "73"]
[EventDate "2024.09.11"]
[WhiteTeam "Czech Republic"]
[BlackTeam "Sri Lanka"]
[WhiteTeamCountry "CZE"]
[BlackTeamCountry "SRI"]

1. c4 e5 2. Nc3 Bb4 3. Nd5 a5 4. Nxb4 ({RR} 4. Nf3 d6 5. a3 Bc5 6. e3 c6 7. d4 Ba7 8. Nc3 Nd7 9. Ne4 Bb8 10. d5 Ngf6 11. dxc6 Nxe4 12. cxd7+ Bxd7 13. b3 Bc6 14. Bb2 Qb6 15. Qc2 Nc5 16. Nd2 O-O 17. Be2 Bxg2 18. Rg1 Bc6 {0-1 Nepomniachtchi,I (2751)-Anand,V (2776) Moscow Tal Memorial rapid 11th 2018 (2)}) 4... axb4 5. b3 ({RR} 5. Nf3 e4 6. Nd4 d5 7. e3 Nf6 8. cxd5 Qxd5 9. Qc2 O-O 10. Qc4 Qe5 11. d3 c5 12. Nb3 b6 13. d4 Qg5 14. dxc5 Nc6 15. h4 Qg6 16. cxb6 Ng4 17. Nc5 Bf5 18. h5 Qf6 19. f3 Nce5 {0-1 Fransson,J (2134)-Hector,J (2449) Elite Hotels Vaxjo Open 2024 (6.5)}) 5... d6 6. Bb2 c5 $146 ({RR} 6... Nc6 7. d3 Nge7 8. g3 O-O 9. Bg2 Be6 10. e3 Qd7 11. Qd2 Rfd8 12. d4 exd4 13. exd4 d5 14. c5 Ra7 15. a4 bxa3 16. Rxa3 Rxa3 17. Bxa3 Ra8 18. Bc1 Na5 19. Qc3 Qb5 20. b4 Nac6 21. Bd2 {½-½ Lapa,A (1549)-Rynkiewicz,N (1357) POL-ch U16 Girls 2013 (7)}) 7. e3 Nc6 8. Ne2 Nge7 9. d4 f6 10. d5 Nb8 11. Ng3 O-O 12. Bd3 Na6 13. f4 Nc7 14. O-O Ra6 15. Qf3 Bd7 16. fxe5 fxe5 17. Bxh7+ Kxh7 18. Qxf8 Qxf8 19. Rxf8 Be8 20. Ne4 Ng6 21. Rf2 b5 22. a3 bxc4 23. bxc4 b3 24. a4 Ne7 25. Ra3 Bg6 26. Ng5+ Kh6 27. Nf7+ Bxf7 28. Rxf7 Ncxd5 29. cxd5 Nxd5 30. Rxb3 c4 31. Rb5 Kg6 32. Rxg7+ Kxg7 33. Rxd5 Kf7 34. a5 Ke6 35. e4 c3 36. Bxc3 Rc6 37. Bb4 1-0

[Event "45th Olympiad 2024"]
[Site "Budapest HUN"]
[Date "2024.09.14"]
[Round "4.44"]
[Board "1"]
[White "Tin, Jingyao"]
[Black "Gascon Del Nogal, Jose Rafael"]
[Result "1-0"]
[WhiteElo "2580"]
[BlackElo "2454"]
[PlyCount "105"]
[EventDate "2024.09.11"]
[WhiteTeam "Singapore"]
[BlackTeam "Venezuela"]
[WhiteTeamCountry "SIN"]
[BlackTeamCountry "VEN"]

1. d4 d5 2. c4 e6 3. Nc3 c5 4. cxd5 cxd4 5. Qa4+ Bd7 6. Qxd4 exd5 7. Qxd5 Nf6 8. Qd1 Bc5 9. Nf3 O-O 10. a3 ({RR} 10. e3 Nc6 11. Be2 Qe7 12. O-O Ne5 13. Nd4 Nc6 14. Bf3 Rfd8 15. Qe2 Ne5 16. h3 Bxd4 17. exd4 Nxf3+ 18. Qxf3 Bc6 19. Qd3 Nd5 20. Qg3 Qe6 21. Bg5 Rd7 22. Rfe1 Qg6 23. Ne4 f6 24. Bd2 Qxg3 {½-½ Caruana,F (2766)-Carlsen,M (2859) chess.com SpeedChess 2022 (2.18)}) ({RR} 10. Bg5 h6 11. Bh4 g5 12. Bg3 Nc6 13. e3 Bf5 14. Be2 Qe7 15. O-O Rfd8 16. Qb3 a6 17. Rad1 b5 18. Rxd8+ Rxd8 19. Rd1 Rc8 20. a3 Na5 21. Qa2 Be6 22. Qb1 Nc4 23. Nd4 Bxd4 24. Rxd4 Nxa3 {1-0 Tin,J (2573)-Sowinski,P (2393) Titled Tue 14th May Early 2024 (6)}) 10... Qc7 11. Qc2 Nc6 ({RR} 11... Bc6 12. Bg5 Nbd7 13. e3 Rfe8 14. Be2 Bd6 15. Nb5 Qa5+ 16. Qc3 Qxb5 17. Bxb5 Bxb5 18. Bxf6 Nxf6 19. Qb3 Ba6 20. Ng5 Re7 21. O-O-O Rc7+ 22. Kb1 Bc4 23. Qc3 Bd5 24. Qd4 Rac8 25. e4 Bc5 26. Qd3 {1-0 Berdayes Ason,D (2519)-Jarocka,L (2228) 46th Barbera Open 2024 (7.5)}) 12. g3 $146 ({RR} 12. Bg5 Nd4 13. Nxd4 Bxd4 14. e3 Bxc3+ 15. Qxc3 Qxc3+ 16. bxc3 Ne4 17. Bf4 Nxc3 18. Be5 Rac8 19. Bd3 Rfd8 20. Bd4 Nb5 21. Bxb5 Bxb5 {½-½ Kristoferitsch,D (2254)-Fecker,N (2388) Mitropa Cup 2023 (5.3)}) 12... Nd4 13. Nxd4 Bxd4 14. Bg2 Bc6 15. O-O Bxg2 16. Kxg2 Rfe8 17. Qd3 Bxc3 18. bxc3 Rac8 19. Be3 Qc6+ 20. Kg1 Ne4 21. c4 b6 22. Rac1 h5 23. Rfd1 Red8 24. Qxd8+ Rxd8 25. Rxd8+ Kh7 26. f3 Nf6 27. c5 bxc5 28. Rxc5 Qe6 29. Rd3 Kg8 30. h4 a6 31. Kg2 Kh7 32. Ra5 g6 33. Ra4 Qa2 34. Kf2 Qe6 35. Rf4 Nd5 36. Re4 Qf5 37. Bg5 f6 38. Bd2 g5 39. Red4 Nb6 40. hxg5 fxg5 41. Kg2 g4 42. Bc3 Qe6 43. Re4 gxf3+ 44. exf3 Qa2+ 45. Rd2 Qxa3 46. Bb4 Qc1 47. Re7+ Kg6 48. Rd6+ Kf5 49. Rf7+ Ke5 50. f4+ Ke4 51. Re7+ Kf5 52. Re5+ Kg4 53. Rg5# 1-0

[Event "45th Olympiad 2024"]
[Site "Budapest HUN"]
[Date "2024.09.14"]
[Round "4.44"]
[Board "2"]
[White "Ynojosa Aponte, Felix Jose"]
[Black "Wong, Zhenyong Jayden"]
[Result "1/2-1/2"]
[WhiteElo "2398"]
[BlackElo "2397"]
[PlyCount "123"]
[EventDate "2024.09.11"]
[WhiteTeam "Venezuela"]
[BlackTeam "Singapore"]
[WhiteTeamCountry "VEN"]
[BlackTeamCountry "SIN"]

1. e4 c6 2. c4 d5 3. cxd5 cxd5 4. exd5 Nf6 5. Qa4+ Nbd7 6. Nc3 g6 7. Bc4 Bg7 8. d3 O-O 9. Nf3 a6 10. Qa3 b6 11. O-O Bb7 12. Re1 Re8 13. Bg5 b5 14. Bb3 Nb6 15. d6 Qxd6 16. Qxd6 exd6 17. Be3 Nfd5 $146 ({RR} 17... Nbd5 18. Ng5 h6 19. Nge4 Rad8 20. Nxd5 Nxd5 21. Bxh6 Bxb2 22. Rab1 Be5 23. Kf1 Nc3 24. Rbc1 Nxe4 25. dxe4 Rc8 26. Rxc8 Rxc8 27. Bd2 Kg7 28. h3 Re8 29. f3 Rd8 30. Ba5 Rc8 31. Rd1 Kf6 32. Kf2 {½-½ Ter-Avetisjana,A (1996)-Petricenco,A (1915) 30th EY Girls U16 2022 (3.9)}) 18. Ne4 Nxe3 19. Nxd6 Bxf3 20. gxf3 Nc2 21. Bxc2 Red8 22. Ne4 Rac8 23. Bb3 Bxb2 24. Rab1 Bd4 25. Rbc1 Kf8 26. Rxc8 Nxc8 27. Rc1 Ne7 28. Ng5 Bf6 29. Nxh7+ Kg7 30. Nxf6 Kxf6 31. Rc3 a5 32. Kf1 a4 33. Bd1 Ke6 34. Ke1 Kd6 35. Be2 Nc6 36. Bf1 Nd4 37. f4 Re8+ 38. Kd1 Nf3 39. Be2 Nd4 40. Bf1 Re7 41. Rc8 Rc7 42. Rxc7 Kxc7 43. a3 b4 44. axb4 a3 45. Kc1 Nb3+ 46. Kb1 Nd2+ 47. Ka2 Nxf1 48. h3 Nd2 49. Kxa3 Kc6 50. Ka4 Nf3 51. b5+ Kb6 52. Kb4 Nd4 53. Kc4 Nxb5 54. Kd5 Kc7 55. Ke5 Nd6 56. Kf6 Kd7 57. f5 Nxf5 58. Kxf7 Ne7 59. Kf6 Kd6 60. h4 Kd7 61. h5 gxh5 62. Kg5 1/2-1/2

[Event "45th Olympiad 2024"]
[Site "Budapest HUN"]
[Date "2024.09.14"]
[Round "4.44"]
[Board "3"]
[White "Goh, Wei Ming Kevin"]
[Black "Escalona Landi, Samid Eduardo"]
[Result "0-1"]
[WhiteElo "2449"]
[BlackElo "2305"]
[PlyCount "76"]
[EventDate "2024.09.11"]
[WhiteTeam "Singapore"]
[BlackTeam "Venezuela"]
[WhiteTeamCountry "SIN"]
[BlackTeamCountry "VEN"]

1. e4 c5 2. Nf3 d6 3. d4 cxd4 4. Nxd4 Nf6 5. Nc3 Nc6 6. Bc4 Qb6 7. Nb3 e6 8. Bf4 Ne5 9. Be2 Bd7 10. Qd2 ({RR} 10. a4 Be7 11. a5 Qc7 12. a6 O-O 13. O-O Rfb8 {½-½ Kasparov,G (2795)-Kramnik,V (2730) Horgen 1995 (9)}) 10... a6 11. O-O-O Rc8 ({RR} 11... Be7 12. Be3 Qc7 13. Bg5 b5 14. Bxf6 gxf6 15. f4 Nc4 16. Bxc4 Qxc4 17. f5 b4 18. Ne2 e5 19. Kb1 a5 20. Qd3 Qxd3 21. cxd3 h5 22. Nd2 d5 23. Nf1 dxe4 24. dxe4 Bc6 25. Nd2 Rg8 26. g3 {0-1 Zhu,J (2476)-Shankland,S (2683) Titled Tue 4th Jun Early 2024 (8)}) 12. f3 h5 $146 ({RR} 12... Qc7 13. a4 h5 14. Kb1 Be7 15. h3 h4 16. Bg5 Nc6 17. f4 Nb4 18. e5 d5 19. Nd4 Ng8 20. f5 exf5 21. Bd3 g6 22. Rhe1 Be6 23. Nce2 Bxg5 24. Qxg5 Qe7 25. Qe3 Qd7 26. b3 Ne7 27. Qg5 {0-1 Petrosian,D (2436)-Zubarev,A (2559) Mumbai Mayors Cup 6th 2013 (10)}) ({RR} 12... Qc7 13. g4 b5 14. g5 Nh5 15. Be3 b4 16. Nb1 Nc4 17. Bxc4 Qxc4 18. Qd3 Bb5 19. Qxc4 Bxc4 20. Rhe1 e5 21. Na5 Bxa2 22. b3 Bxb1 23. Kxb1 Be7 24. Bd2 O-O 25. Bxb4 Bxg5 26. Bxd6 Rfe8 27. Nc4 {0-1 Zepeda,L (2187)-Vibbert,S (2159) US Open-112 Orlando 2011 (4)}) 13. Bg5 Bc6 14. Rhe1 Be7 15. Bf1 Qc7 16. f4 Ng6 17. g3 b5 18. a3 O-O 19. Bh3 Rfe8 20. Nd4 Bd7 21. f5 Nf8 22. Nf3 a5 23. fxe6 fxe6 24. Bxf6 gxf6 25. Nd4 b4 26. Nb1 Qc5 27. Bf1 Ng6 28. Nb3 Qb6 29. axb4 axb4 30. e5 Nxe5 31. Rxe5 fxe5 32. Qh6 Bf8 33. Qg6+ Bg7 34. Nd4 Re7 35. Bd3 Qxd4 36. Qh7+ Kf8 37. Bg6 Qe3+ 38. Nd2 Bb5 0-1

[Event "45th Olympiad 2024"]
[Site "Budapest HUN"]
[Date "2024.09.14"]
[Round "4.44"]
[Board "4"]
[White "Castro Torres, Jose Luis"]
[Black "Chia, Yu Zhe Ashton"]
[Result "1-0"]
[WhiteElo "2299"]
[BlackElo "2224"]
[PlyCount "125"]
[EventDate "2024.09.11"]
[WhiteTeam "Venezuela"]
[BlackTeam "Singapore"]
[WhiteTeamCountry "VEN"]
[BlackTeamCountry "SIN"]

1. e4 c5 2. Nf3 Nc6 3. Bb5 g6 4. Bxc6 bxc6 5. O-O Bg7 6. d3 d6 7. h3 e5 8. c3 Nf6 ({RR} 8... Ne7 9. d4 cxd4 10. cxd4 exd4 11. Nxd4 O-O 12. Nc3 h6 13. Be3 Kh7 14. Qd2 Rb8 15. b3 c5 16. Nde2 Ba6 17. Rac1 f5 18. Rfd1 fxe4 19. Qxd6 Qxd6 20. Rxd6 Bd3 21. Nf4 Nf5 22. Rd7 Nxe3 23. fxe3 {1-0 Tomashevsky,E (2716)-Li,C (2720) Wch Blitz Doha 2016 (18)}) ({RR} 8... Ne7 9. Re1 O-O 10. d4 cxd4 11. cxd4 exd4 12. Nxd4 h6 13. Nc3 Bb7 14. Be3 Qd7 15. Qd2 Kh7 16. Rad1 Rfd8 17. Nb3 Qc7 18. Bd4 a5 19. Bxg7 Kxg7 20. Qd4+ Kg8 21. Nd2 Ba6 22. Nf3 Rab8 23. Nh2 {1-0 Perossa,N (2187)-Klukin,K (2413) Titled Tue 10th Sep Early 2024 (4)}) 9. Re1 O-O $146 10. d4 cxd4 11. cxd4 d5 12. dxe5 Nxe4 13. Nc3 Bf5 14. Nd4 Bxe5 15. Nxc6 Bh2+ 16. Kxh2 Qd6+ 17. Kg1 Nxc3 18. Qd4 Nb5 19. Qxd5 Qxd5 20. Ne7+ Kg7 21. Nxd5 Rfd8 22. Ne3 Be6 23. b3 Kg8 24. Bb2 Rd2 25. Be5 Rc8 26. Red1 Rxd1+ 27. Rxd1 h6 28. Rd2 a5 29. h4 Kh7 30. g4 g5 31. h5 a4 32. bxa4 Nc3 33. Rc2 Nxa4 34. Rxc8 Bxc8 35. Bd4 f6 36. Kg2 Kg7 37. Nf5+ Kh7 38. Kf3 Bd7 39. Ke4 Be6 40. a3 Bc4 41. Ne3 Be6 42. f3 Kg7 43. Nf5+ Kh7 44. Ke3 Bc4 45. Nd6 Bd5 46. Ne8 Be6 47. Nxf6+ Kg7 48. Ne4+ Kh7 49. Nd6 Bd5 50. Nf5 Bb7 51. f4 gxf4+ 52. Kxf4 Bc6 53. Ke5 Bf3 54. Ne3 Kg8 55. Kf6 Kh7 56. Kf5 Be2 57. Nd5 Bc4 58. Nf6+ Kg7 59. Nd7+ Kh7 60. Kf6 Be2 61. Kf7 Bc4+ 62. Kf8 Be2 63. Bg7 1-0

[Event "45th Olympiad 2024"]
[Site "Budapest HUN"]
[Date "2024.09.14"]
[Round "4.45"]
[Board "1"]
[White "Giron, Jorge Ernesto"]
[Black "Dardha, Daniel"]
[Result "1/2-1/2"]
[WhiteElo "2276"]
[BlackElo "2603"]
[PlyCount "92"]
[EventDate "2024.09.11"]
[WhiteTeam "El Salvador"]
[BlackTeam "Belgium"]
[WhiteTeamCountry "ESA"]
[BlackTeamCountry "BEL"]

1. d4 Nf6 2. c4 b6 3. Nc3 Bb7 4. Qc2 Nc6 5. Nf3 Nb4 6. Qb1 Bxf3 7. gxf3 g6 8. e4 Bg7 9. Be3 Nh5 10. f4 e6 11. h4 O-O $146 ({RR} 11... c5 12. d5 Bd4 13. a3 Na6 14. Qd3 Qf6 15. e5 Qf5 16. Qxf5 gxf5 17. Rg1 Kf8 18. Be2 Bxe3 19. fxe3 Ng7 20. d6 Rd8 21. Bf3 f6 22. Kd2 Nb8 23. Rg2 Kf7 24. Rag1 Rdg8 25. b4 cxb4 26. axb4 {1-0 Lazavik,D (2578)-Nogerbek,K (2519) FIDE World Open U20 Blitz 2024 (8.1)}) 12. Be2 c5 13. dxc5 bxc5 14. Bxh5 Rb8 15. Be2 d5 16. cxd5 exd5 17. exd5 Re8 18. Qd1 Bd4 19. Qd2 Rxe3 20. fxe3 Bxe3 21. Qd1 Qf6 22. Rh3 Qxf4 23. Rxe3 Qxe3 24. a3 Qg3+ 25. Kf1 Rb6 26. Ne4 Qf4+ 27. Nf2 Rf6 28. Bf3 Nc2 29. Qxc2 Qxf3 30. Rc1 c4 31. Qd2 Qh1+ 32. Ke2 Qxh4 33. Ke1 Qh2 34. Qe2 Qg1+ 35. Qf1 Qg5 36. Rxc4 Qxd5 37. Qd3 Qe5+ 38. Qe2 Qg3 39. Re4 h5 40. Qe3 Qg1+ 41. Ke2 Qb1 42. Re8+ Kh7 43. Qd4 Qc2+ 44. Ke1 Qc1+ 45. Ke2 Qc2+ 46. Ke1 Qc1+ 1/2-1/2